Commodity price volatility, cyclical fluctuations, and convergence what is ahead for inflation in emerging Europe? /

Bibliographic Details
Main Author: Zoli, Edda.
Corporate Author: ProQuest (Firm)
Format: Electronic eBook
Language:English
Published: [Washington D.C.] : International Monetary Fund, 2009.
Series:IMF working paper ; WP/09/41.
Subjects:
Online Access:Click to View
LEADER 01303nam a2200325Ia 4500
001 EBC1608202
003 MiAaPQ
005 20200520144314.0
006 m o d |
007 cr cn|||||||||
008 041202s2009 dcu sb i000 0 eng d
035 |a (MiAaPQ)EBC1608202 
035 |a (Au-PeEL)EBL1608202 
035 |a (CaPaEBR)ebr10369181 
035 |a (OCoLC)870245305 
040 |a MiAaPQ  |c MiAaPQ  |d MiAaPQ 
050 4 |a HB221  |b .Z65 2009 
100 1 |a Zoli, Edda. 
245 1 0 |a Commodity price volatility, cyclical fluctuations, and convergence  |h [electronic resource] :  |b what is ahead for inflation in emerging Europe? /  |c prepared by Edda Zoli. 
260 |a [Washington D.C.] :  |b International Monetary Fund,  |c 2009. 
300 |a 19 p. 
490 1 |a IMF working paper ;  |v WP/09/41 
504 |a Includes bibliographical references. 
533 |a Electronic reproduction. Ann Arbor, MI : ProQuest, 2015. Available via World Wide Web. Access may be limited to ProQuest affiliated libraries. 
650 0 |a Primary commodities  |x Prices  |z Europe. 
650 0 |a Inflation (Finance)  |z Europe. 
655 4 |a Electronic books. 
710 2 |a ProQuest (Firm) 
830 0 |a IMF working paper ;  |v WP/09/41. 
856 4 0 |u https://ebookcentral.proquest.com/lib/matrademy/detail.action?docID=1608202  |z Click to View